Secretary of State for Environment, Food and Rural Affairs v Alford (Record no. 75901)
[ view plain ]
| 000 -LEADER | |
|---|---|
| fixed length control field | 02291cab a2200217 4500 |
| 001 - CONTROL NUMBER | |
| control field | L131006 |
| 008 - FIXED-LENGTH DATA ELEMENTS--GENERAL INFORMATION | |
| fixed length control field | 050920n2005 000 0 eng u |
| 035 ## - SYSTEM CONTROL NUMBER | |
| System control number | (Sirsi) u131006 |
| 041 0# - LANGUAGE CODE | |
| Language code of text/sound track or separate title | eng |
| 245 ## - TITLE STATEMENT | |
| Title | Secretary of State for Environment, Food and Rural Affairs v Alford |
| 260 ## - PUBLICATION, DISTRIBUTION, ETC. | |
| Date of publication, distribution, etc. | 2005 |
| 490 ## - SERIES STATEMENT | |
| Series statement | Estates Gazette |
| Volume/sequential designation | [2005] 36 EG 278-281(4) |
| 520 ## - SUMMARY, ETC. | |
| Summary, etc. | [2005] EWHC 808 (Admin), 5 May 2005. Considers whether a farm owner who applied manure to neglected grazing moorland without applying for or having the consent of the SoS, had contravened the Environmental Impact Assessment (Uncultivated Land and Semi-natural Areas) (England) Regulations 2001. Appeal by farm owner (A) against the decision that the land in question fell within the uncultivated land or semi-natural areas description in the 2001 Regulations and that the manuring came within the intensive agricultural purposes definition in reg. 2(1) of the Regulations. A appealed by case stated. The issues were: (1) whether the manuring process came within the intensive agricultural purposes definition either because it increased the productiveness of the land or it intensified the agricultural purpose to which the land was put ;(2) whether A's project amounted to an intervention in the natural surroundings involving the use of uncultivated land or semi-natural purposes for intensive agricultural purposes. "Held": appeal allowed. The volumes of manure applied used were not calculated to raise the productivity of the land above the normal productivity of the land if it had not fallen into a state of neglect. The work carried out could not be described as an intervention for intensive agricultural purposes. |
| 590 ## - LOCAL NOTE (RLIN) | |
| Local note | IKA270905 |
| 650 ## - SUBJECT ADDED ENTRY--TOPICAL TERM | |
| Topical term or geographic name entry element | ENVIRONMENTAL IMPACT ASSESSMENT (UNCULTIVATED LAND AND SEMI-NATURAL AREAS)(ENGLAND) REGULATIONS 2001 |
| 650 ## - SUBJECT ADDED ENTRY--TOPICAL TERM | |
| Topical term or geographic name entry element | SOS ENVIRONMENT, FOOD AND RURAL AFFAIRS V ALFORD |
| 690 ## - LOCAL SUBJECT ADDED ENTRY--TOPICAL TERM (OCLC, RLIN) | |
| Topical term or geographic name as entry element | ENVIRONMENTAL AND LAND CONSULTANCY-ENVIRONMENTAL MANAGEMENT-ENVIRONMENTAL ASSESSMENT-ENVIRONMENTAL IMPACT ASSESSMENT |
| 856 41 - ELECTRONIC LOCATION AND ACCESS | |
| Uniform Resource Identifier | <a href="https://www.bailii.org/ew/cases/EWHC/Admin/2005/808.html">https://www.bailii.org/ew/cases/EWHC/Admin/2005/808.html</a> |
| Public note | View the judgment free of charge at www.bailii.org... |
| 856 41 - ELECTRONIC LOCATION AND ACCESS | |
| Uniform Resource Identifier | <a href="https://www.opsi.gov.uk/si/si2001/20013966.htm">https://www.opsi.gov.uk/si/si2001/20013966.htm</a> |
| Public note | View the Regulations free of charge at www.opsi.gov.uk... |
| 942 ## - ADDED ENTRY ELEMENTS (KOHA) | |
| Suppress in OPAC | 0 |
| Withdrawn status | Lost status | Source of classification or shelving scheme | Damaged status | Not for loan | Home library | Current library | Shelving location | Date acquired | Total Checkouts | Full call number | Barcode | Date last seen | Copy number | Price effective from | Koha item type |
|---|---|---|---|---|---|---|---|---|---|---|---|---|---|---|---|
| Dewey Decimal Classification | London | London | Journal article | 20/09/2005 | L131006 | 131006-1001 | 06/08/2019 | 1 | 06/08/2019 | Law report |